النصر المؤزر للنبي الموقر وهو الدلائل الخمسون على عظم قدر النبي محمد صلى الله عليه وسلم / (رقم التسجيلة. 132290)

تفاصيل مارك
000 -الفاتح
عناصر البيانات ثابتة الطول 00856cam a2200193 i 4500
005 - تاريخ ووقت آخر معاملة
حقل ضبط 20251228103118.0
008 - عناصر البيانات ثابتة الطول
عناصر البيانات ثابتة الطول 250721s9999 UA gr 000 0 ara d
082 14 - رقم تصنيف ديوي العشري
رقم التصنيف 218.61
رقم المادة ر س ي
100 1# - مدخل رئيسي – اسم شخصي
الاسم الشخصي الرسي، ماجد بن سليمان
علاقة الشخص بالعمل/ دوره مؤلف.
245 10 - بيان العنوان
العنوان النصر المؤزر للنبي الموقر وهو الدلائل الخمسون على عظم قدر النبي محمد صلى الله عليه وسلم /
بيان المسؤولية تاليف ماجد بن سليمان الرسي.
264 31 - بيانات النشر، التوزيع…إلخ
مكان النشر، التوزيع...إلخ القاهرة :
اسم الناشر، الموزع...إلخ الدار الأثرية للنشر والتوزيع،
300 ## - الوصف المادي
عدد الوحدات المكونة للوعاء 408 صفحه.
490 0# - بيان السلسلة
عنوان السلسلة الدين الصافي.
رقم الوعاء في السلسلة الجزء الثاني.
650 17 - مدخل إضافي بالموضوع - مصطلح موضوعي
مصطلح موضوعي أو اسم جغرافي كعنصر مدخل السيرة النبوية.
650 17 - مدخل إضافي بالموضوع - مصطلح موضوعي
مصطلح موضوعي أو اسم جغرافي كعنصر مدخل دفع المطاعن عن الإسلام.
650 17 - مدخل إضافي بالموضوع - مصطلح موضوعي
مصطلح موضوعي أو اسم جغرافي كعنصر مدخل الإسلام.
942 ## - بيانات إضافية (كوها)
نوع التنصيف Dewey Decimal Classification
نوع المادة (كوها) كتب
المقتنيات
حالة السحب حالة الفقدان مصدر التصنيف حالة التلف غير قابل للإعارة المكتبة الرئيسية المكتبة الحالية موقع الرف تاريخ التزويد الرقم المتسلسل Total Checkouts رقم الإستدعاء الباركود تاريخ آخر ظهور تاريخ الفاتورة نوع المادة (كوها)
    Dewey Decimal Classification     المكتبة المركزية المكتبة المركزية الإعارة 28/07/2025 1613162   218.61/رسي PLD00351958 28/07/2025 28/07/2025 كتب
Implemented & Customized by: BBB with SCIT (Smart Chains for Information Technology)

Powered by Koha